Statistics for All Champions Cup/Heineken Cup Finalists

Click here to take the quiz!

General Stats

  • This quiz has been taken 15 times
  • The average score is 12 of 19

Answer Stats

Answer% Correct
Bath
83%
Leicester Tigers
83%
Toulouse
83%
Munster
75%
Saracens
75%
Ulster
75%
Leinster
67%
Northampton Saints
67%
Stade Français
67%
Toulon
67%
Exeter Chiefs
58%
Wasps
58%
Biarritz
50%
Brive
50%
Cardiff
50%
Clermont
50%
Perpignan
50%
Racing 92
33%
Colomiers
17%

Score Distribution

Percentile by Number Answered

Percent of People with Each Score

Your Score History

You have not taken this quiz